000 00801nam a2200217 a 4500
001 000046095
005 20201002052632.0
008 150618s1993 dr ac 001 0 spa d
040 _aDO-SdBNP
_bspa
_cBNPHU
082 _a920.72
_bB523L
100 1 _aBernardino, Minerva
_974160
245 1 0 _aLucha, agonia y esperanza :
_btrayectoria triunfal de mi vida /
_cMinerva Bernardino.
260 _aSanto Domingo :
_bCorripio,
_c1993.
300 _a427 p. :
_bil., retrs. ;
_c23 cm.
500 _aIncluye índice onomástico
600 1 4 _aBERNARDINO, MINERVA
_974161
650 4 _aFeministas
_zRepública Dominicana
_vBIOGRAFÍAS
_974162
650 4 _aEmbajadores
_zRepública Dominicana
_vBIOGRAFÍAS
_974163
651 4 _aRepública Dominicana
_vBIOGRAFÍAS
_91083
910 _aValidado. Control de calidad MFF
999 _c45584
_d45584